MDQL
is popping MORE tags! Check the
thread
!
Quizzes
Events
Quiz Creation
Community
Videos
Private Events
Remove Ads
Sign In
Join for FREE
Feedback
Dark Mode
Quiz Categories
Sports
Geography
Music
Movies
Television
Just For Fun
Miscellaneous
History
Literature
Language
Science
Gaming
Entertainment
Religion
Holiday
For Kids
Quiz Lab
Recent
Popular Today
Quiz Kudos Today
Editor Picks
Curator Picks
Quizzes by...
Day
Popularity
Type
Ratings
Length
Year
Community
Subscriptions
Recent Discussions
Orange Saloon
Badges
Playlists
Quests
Create
Leaderboards
Showdown
Live 5
Trivia Bingo
Activity
Puzzle Library
Sporcle Events
Private Events
Virtual Trivia
Globe League
Become a Host
Pub Owners
SporcleCon
Opinionation
Our Games
Videos
Blog
Mobile Apps
Partnerships
Remove Ads and Go Orange
Feedback
Sports
Athletes
MLB
NBA
NHL
NFL
Soccer
Sports Teams
WWE
NCAA
Football
Premier League
Basketball
Baseball
Hockey
Golf
Tennis
Cricket
Rugby
Auto Racing
Olympics
World Cup
Sports
Athletes
MLB
NBA
NHL
NFL
Soccer
Sports Teams
WWE
NCAA
Football
Premier League
Basketball
Baseball
Hockey
Golf
Tennis
Cricket
Rugby
Auto Racing
Olympics
World Cup
Random Quiz
Search Sporcle
×
Quiz Lab
Quiz Lab
Sports
Baltimore Orioles
Type in answers that appear in a list
Type in answers that appear in a list
Classic
Best Score? Go Orange.
Baltimore Orioles Complete Games (2000-2016) Stats
Name the Orioles' who pitched a complete game between 2000 and 2016.
By
thonchel
5m
26 Questions
16 Plays
16 Plays
16 Plays
Comments
Comments
Give Quiz Kudos
Give Quiz Kudos
-
- Ratings
hide this ad
Replay
Link that replays current quiz
Next Quiz
Link to next quiz in quiz playlist
You Got
0%
They Got
Avg Score
48%
Avg Friend Score
Upgrade to see
Score Distribution
Jump to the score distribution portion of the page
Score
0/26
Timer
05:00
0
Plays Today
Seasons
Pitcher
% Correct
2009-
2016
Chris Tillman
87.5%
2000-
2005
Sidney Ponson
81.3%
2000
Mike Mussina
81.3%
2002-
2006
Rodrigo Lopez
75%
2000-
2002
Scott Erickson
75%
2000-
2003
Jason Johnson
75%
2004-
2006
Bruce Chen
75%
2002-
2007
Erik Bedard
75%
2004-
2008
Daniel Cabrera
68.8%
2012-
2015
Miguel Gonzalez
68.8%
2007-
2011
Jeremy Guthrie
62.5%
2013-
2016
Kevin Gausman
62.5%
2014-
2016
Ubaldo Jimenez
56.3%
Seasons
Pitcher
% Correct
2001-
2003
Pat Hentgen
50%
2012-
2013
Jason Hammel
50%
2009-
2011
Brad Bergesen
37.5%
2010
Kevin Millwood
37.5%
2006
Kris Benson
31.3%
2013
Scott Feldman
31.3%
2001-
2002
Josh Towers
31.3%
2008
Steve Trachsel
25%
2000-
2001
Jose Mercedes
12.5%
2001-
2003
Willis Roberts
6.3%
2002-
2006
Eric DuBose
6.3%
2008-
2009
Chris Waters
0%
2007
Jon Leicester
0%
Quiz Playlist
Details
Report
Send in Message
Add To Playlist
Classic:
Type in answers that appear in a list
Last Updated: Jun 27, 2017
Quiz Scoreboard
CHALLENGE
Sign Up to Join the Scoreboard
Show All
Scores
Hide
Comments
May contain spoilers
Recently Published
Two Season TV Shows II
by 123Four
Television
10m
Image Sorting: Flags VI
by Barbecue
Geography
2m
Find the 'City' Movie
by crazypaving
Movies
60s
More to Explore
Quiz From the Vault
Featured Blog Post
14 Easter Pick-up Lines to Find Eggs With
hide this ad
You Might Also Like...
Tags
Baltimore Orioles
Today's Top Quizzes in Sports
Browse Sports
hide this ad
Today's Top Quizzes in Baltimore Orioles
Browse Baltimore Orioles
Top Contributed Quizzes in Sports
1
Les meilleurs buteurs des matchs entre le PSG et l’OM
2
Les entraîneurs de l'OM et du PSG au 21e siècle
3
2022 World Cup Stars
4
Les joueurs passés par le PSG et l'OM
5
Players with Multiple 50 Home Run Seasons
6
FIFA Club World Cup Champions
7
Criteria MLB: Left Handed Sluggers
8
Les joueurs passés par le LOSC et le RC Lens
9
Top 10 NHL Goal Scorers of All Time
10
NBA Logic Puzzle 2.0
Explore More
Trending Topics
NBA
Kpop
Harry Potter
Marvel
Crossword
Anime
Disney
Country
NFL
Song
WWE
The Office
Pokémon
Puzzle
Soccer
hide this ad
More By:
thonchel
Quiz
Plays
Rating
Category
Featured
Created
Baltimore Orioles 20 HR Seasons (2000-2016)
84
4.00
Sports
Jun 27, 2017
Baltimore Orioles Rookie HRs
69
Sports
Jun 25, 2017
Baltimore Orioles Leadoff Hitters (2000-2016)
43
Sports
Jun 27, 2017
Baltimore Orioles Pitchers under Buck Showalter
40
Sports
Jun 27, 2017
Baltimore Orioles Cleanup Hitters (2000-2016)
37
Sports
Jun 27, 2017
Go to Creator's Profile
Score Distribution
Quiz Creator Spotlight
thonchel
Follow
Send a Message
Quizzes Created
-
Created Quiz Play Count
-
More By This Creator
Popular Quizzes Today
1
Find the US States - No Outlines Minefield
2
Colored Red Africa Blitz
3
Find the 'City' Movie
4
5x2 Blitz: Bands
5
The Countries of the World
6
Find the Countries of Europe - No Outlines Minefield
7
Find the US States
8
US States
More Sports Quizzes
Qui sont les vainqueurs de l'Euro ?
Quiz Lab
Trending Quizzes
Colored Red Europe Blitz I
Colored Red Africa Blitz II
Colored Red Europe Blitz II
Even More Two Season TV Shows
Colored Red Africa Blitz III
Recently Updated
March Madness Men's Triple Doubles
pecheneg
How Do You Spell That?
pecheneg
Godzilla Movies
pecheneg
Grab Bag: 4-10 Letters
pecheneg
2024 March Madness Bracket
pecheneg
Famous TV Couples
Peacemaker
Champions League XIs: Real Madrid
pecheneg
Largest US Cities 1790-2010
pecheneg
Rides in Walt Disney World
pecheneg
Most Oscar Losses (Acting)
pecheneg
Trending Topics
Harry Potter
Marvel
Kpop
Crossword
Disney
NBA
Anime
Country
Song
Puzzle
WWE
The Office
Pokémon
NFL
Soccer
Your Account Isn't Verified!
In order to create a playlist on Sporcle, you need to verify the email address you used during registration. Go to your
Sporcle Settings
to finish the process.
Report this User
Report this user for behavior that violates our
Community Guidelines
.
Details:
Send Report
Go to the Sporcle.com Mobile Site →
Comments